LEADER 01032nas a2200241 i 4500 001 000000205963 003 CaOOAMICUS 005 20110919000000.0 008 110909b2011 it uu u0 0mul r 013 $a184709 040 $aSeMil$bita 245 10$a2009 /$cModerator Marek Inglot ; Consultores Giulio Cipollone ... [et al.]. 260 $a[Romae] :$bPontificia Universitas Gregoriana,$ccopyr. 2011. 300 $a784 p. ;$c24 cm. 500 $aContiene : Bibliographia Historiae Pontificiae [2008-2009]. 700 1 $aInglot, Marek,$c.$0(OLS)http://semarc/name/29297 700 1 $aCipollone, Giulio,$c.$0(OLS)http://semarc/name/19025 774 0 $t[vedi periodico].$w()275966 850 $aSeMil 852 $aSeMil$W1$xVenegono$y1$m200 4 27$j156446$B156446$CSeMilBibl$Z2$F167829 $85 961 $aAbbonamento: Pontificia Università Gregoriana 996 $6245$a2009$9(OLS)http://semarc/title/254631 996 $6260$a[Romae] :$bPontificia Universitas Gregoriana$9(OLS)http://semarc/publisher/50091 LEADER 01393nam a2200277 i 4500 001 000000123837 003 CaOOAMICUS 005 20040305000000.0 008 040305s2000 it u000 u ita u 013 $a96533 040 $aSeMil$bita 100 1 $aBagetti, Giuseppe Pietro.$0(OLS)http://semarc/name/51413 245 10$aGiuseppe Pietro Bagetti /$c[a cura di] Mercedes Viale Ferrero ; prefazione di Gian Paolo Romagnani ; schede di Monica Tomiato, Mercedes Viale Ferrero. 260 $aTorino :$bAntichi Maestri Pittori,$cstampa 2000. 300 $a82 p. :$briccamente ill. ;$c22x30 cm. 500 $aContiene : Bibliografia. - Catalogo della mostra : Bagetti. Ventiquattro opere, Torino, 6-27 maggio 2000. - Fondo Card. C.M. Martini. 650 4$aBagetti, Giuseppe Pietro <1764-1831> - Esposizioni - 2000.$0(OLS)http://semarc/subject/23757 700 1 $aTomiato, Monica.$0(OLS)http://semarc/name/51415 700 1 $aRomagnani, Gian Paolo <1957->.$0(OLS)http://semarc/name/51414 700 1 $aViale Ferrero, Mercedes.$0(OLS)http://semarc/name/11279 850 $aSeMil 852 $aSeMil$W1$xVenegono$y1$m5K VI 18$j78482$B78482$CSeMilBibl$Z2$F80699 $81 941 1 $a4 961 $aOmaggio: Martini Card. Carlo Maria 996 $6245$aGiuseppe Pietro Bagetti$9(OLS)http://semarc/title/182126 996 $6260$aTorino :$bAntichi Maestri Pittori$9(OLS)http://semarc/publisher/46160